00458nam a2200193Ia 4500003000400000005001700004008004100021040000700062041000800069082002100077100002000098245004100118260002700159300001400186365001300200650001400213650001400227700002300241OSt20250719124038.0210719s2020 xx 000 0 und d cAL aeng a232541.22bBATI aStepan Batsanov aIntroduction to structural chemistry aLondonbSpringerc2020 ax,542bHB b3495cRs aChemistry aChemistry aBatsanov, Andrei S